| 000 | 00782cam a2200277 4500 | ||
|---|---|---|---|
| 001 | 2192295 | ||
| 003 | ARRUPE | ||
| 005 | 20160503103549.0 | ||
| 008 | 721219s1972 enk 001 0 eng | ||
| 010 | _a 72195671 | ||
| 015 | _aB72-21290 | ||
| 020 | _a0333114213 | ||
| 040 |
_aDLC _cDLC _dDLC |
||
| 050 | 0 | 0 |
_aBJ1012 _b.H29 |
| 082 | 0 | 0 | _a170/.8 |
| 100 | 1 |
_aHare, Richard Merwyn _q(Richard Mervyn) _923926 |
|
| 245 | 1 | 0 |
_aApplications of moral philosophy _c[by] R. M. Hare. |
| 260 |
_aLondon, _bMacmillan, _c1972. |
||
| 300 |
_ax, 115 p.; _c23 cm. |
||
| 350 | _a£1.95 | ||
| 490 | 0 | _aNew studies in practical philosophy | |
| 650 | 0 |
_aEthics. _923927 |
|
| 650 | 0 |
_aSocial ethics. _923928 |
|
| 906 |
_a7 _bcbc _corignew _d3 _encip _f19 _gy-gencatlg |
||
| 942 |
_2lcc _cMONOGRAPH |
||
| 999 |
_c124646 _d124646 |
||